Taller de lenguaje: módulos para desarrollar el lenguaje oral y escrito
Wedi'i Gadw mewn:
| Prif Awduron: | , |
|---|---|
| Awduron Eraill: | |
| Fformat: | Llyfr |
| Iaith: | Sbaeneg |
| Cyhoeddwyd: |
Santiago
Dolmen
1995
|
| Cyfres: | Colección Educación
|
| Pynciau: | |
| Tagiau: |
Ychwanegu Tag
Dim Tagiau, Byddwch y cyntaf i dagio'r cofnod hwn!
|
MARC
| LEADER | 00000nam a2200000 a 4500 | ||
|---|---|---|---|
| 001 | UCZ0341 | ||
| 003 | CL-VaPUC | ||
| 008 | 950728e19950000CL |||||||||||||||||spa|d | ||
| 020 | |a 9562012514 | ||
| 082 | 0 | 4 | |a 372.416 |b CON |2 21 |
| 100 | 0 | |a Condemarín Grimberg, Mabel |e author |9 343101 | |
| 700 | 0 | |a Galdames, Viviana |e author |9 343102 | |
| 700 | |a Medina Moreno, Alejandra |e autora |9 558156 | ||
| 245 | 1 | 0 | |a Taller de lenguaje: módulos para desarrollar el lenguaje oral y escrito |
| 300 | |a 223 p | ||
| 942 | |c BK | ||
| 945 | |d 19950728 00:00:00 |a rbrito | ||
| 260 | |a Santiago |b Dolmen |c 1995 | ||
| 650 | 7 | |a ENSEÑANZA DE LA LENGUA MATERNA |2 CL-VaPUC |9 334470 | |
| 650 | 0 | |a Lectura |9 307634 | |
| 650 | 0 | |a Escritura |9 264941 | |
| 650 | 0 | |a Ortografía |9 309144 | |
| 650 | 0 | |a Educación lingüística |9 306506 | |
| 583 | |a last modification |c 20170830 09:27:26 |k Rodrigo Vera | ||
| 490 | 0 | |a Colección Educación | |
| 999 | |c 237282 |d 237280 | ||
| 952 | |0 0 |1 0 |4 0 |6 372_416000000000000_CON_1995 |7 0 |8 R |9 246190 |a BIBEDU |b BIBEDU |d 2019-11-18 |i 3108570 |o 372.416 CON 1995 |p 3108570 |r 2023-01-13 |w 2019-11-18 |y BK_R |k EPE | ||
| 952 | |0 0 |1 0 |4 0 |6 372_416000000000000_CON_1995 |7 0 |8 R |9 246191 |a BIBEDU |b BIBEDU |d 2019-11-18 |i 3244458 |o 372.416 CON 1995 |p 3244458 |r 2023-01-13 |w 2019-11-18 |y BK_R |k EPE | ||
| 952 | |0 0 |1 0 |4 0 |6 372_416000000000000_CON_1995 |7 0 |8 R |9 246192 |a BIBEDU |b BIBEDU |d 2019-11-18 |i 3860248 |o 372.416 CON 1995 |p 3860248 |r 2023-01-13 |w 2019-11-18 |y BK_R |k EPE | ||